|
|
|
|
| LEADER |
00000nam0a2200000 4500 |
| 001 |
278394 |
| 005 |
20231101235117.0 |
| 020 |
|
|
|a RU
|b 86-23085
|
| 035 |
|
|
|a (RuTPU)RU\TPU\book\301671
|
| 090 |
|
|
|a 278394
|
| 100 |
|
|
|a 20141211d1986 k y0rusy5003 ca
|
| 101 |
0 |
|
|a rus
|
| 102 |
|
|
|a RU
|
| 105 |
|
|
|a y z 001zy
|
| 200 |
1 |
|
|a Системное математическое моделирование процессов водообмена
|f С. Н. Антонцев, Г. П. Епихов, А. А. Кашеваров
|g Академия наук СССР (АН СССР), Сибирское отделение (СО), Институт гидродинамики им. М. А. Лаврентьева (ИГиЛ) ; под ред. П. Я. Полубариновой-Кочиной
|
| 210 |
|
|
|a Новосибирск
|c Наука
|d 1986
|
| 215 |
|
|
|a 215 с.
|
| 320 |
|
|
|a Библиогр.: с. 209-213 (106 назв.)
|
| 606 |
1 |
|
|a Воды подземные
|x Динамика
|2 stltpush
|3 (RuTPU)RU\TPU\subj\3163
|9 31617
|
| 610 |
1 |
|
|a природные воды
|
| 610 |
1 |
|
|a математическое моделирование
|
| 610 |
1 |
|
|a водообмен
|
| 610 |
1 |
|
|a поверхностные воды
|
| 610 |
1 |
|
|a движение
|
| 610 |
1 |
|
|a речные бассейны
|
| 610 |
1 |
|
|a физические процессы
|
| 610 |
1 |
|
|a гидрологический цикл
|
| 675 |
|
|
|a 556.34
|z rus
|v 4
|
| 700 |
|
1 |
|a Антонцев
|b С. Н.
|g Станислав Николаевич
|4 070
|
| 701 |
|
1 |
|a Епихов
|b Г. П.
|g Геннадий Петрович
|
| 701 |
|
1 |
|a Кашеваров
|b А. А.
|g Александр Александрович
|
| 702 |
|
1 |
|a Полубаринова-Кочина
|b П. Я.
|4 340
|
| 712 |
0 |
2 |
|a Академия наук СССР (АН СССР)
|b Сибирское отделение (СО)
|b Институт гидродинамики им. М. А. Лаврентьева (ИГиЛ)
|c (Новосибирск)
|2 stltpush
|3 (RuTPU)RU\TPU\col\10224
|
| 801 |
|
0 |
|a RU
|b RuMRKP
|c 19950704
|g psbo
|
| 801 |
|
1 |
|a RU
|b 63413507
|c 20141211
|
| 801 |
|
2 |
|a RU
|b 63413507
|c 20180111
|g RCR
|
| 942 |
|
|
|c BK
|